Relativistic theory of atoms and molecules III : a bibliography, 1993-1999 /

Relativistic effects are of major importance for understanding the properties of heavier atoms and molecules. Volumes I-III of "Relativistic Theory of Atoms and Molecules" are the only available bibliography on related calculations. In Volume III, 3792 new references, covering 1993-1999, a...

Full description

Bibliographic Details
Main Author: Pyykkö, Pekka, 1941-
Corporate Author: SpringerLink (Online service)
Format: eBook
Language:English
Published: Berlin ; New York : Springer, [2000]
Series:Lecture notes in chemistry ; 76.
Subjects:
Online Access:Connect to the full text of this electronic book

MARC

Tag First Indicator Second Indicator Subfields
LEADER 00000cam a2200000Ka 4500
001 in00003511913
006 m o d
007 cr bn||||||abp
007 cr bn||||||ada
008 101117s2000 gw ob 000 0 eng d
005 20260423140948.6
019 |a 629698738 
020 |a 9783642518850 (electronic bk.) 
020 |a 3642518850 (electronic bk.) 
020 |z 3540413987 (acid-free paper) 
020 |z 9783540413981 (acid-free paper) 
035 |a (OCoLC)682036408  |z (OCoLC)629698738 
040 |a OCLCE  |b eng  |e pn  |c OCLCE  |d OCLCQ  |d OCLCO  |d NUI  |d GW5XE  |d OCLCQ  |d OCLCF  |d OCLCQ  |d UtOrBLW 
042 |a dlr 
049 |a TXAM 
050 4 |a Z5524.A6  |b P99 2000 
050 4 |a QD461  |b .P99 2000 
082 0 4 |a 016.5412  |2 21 
100 1 |a Pyykkö, Pekka,  |d 1941- 
245 1 0 |a Relativistic theory of atoms and molecules III :  |b a bibliography, 1993-1999 /  |c Pekka Pyykkö. 
264 1 |a Berlin ;  |a New York :  |b Springer,  |c [2000] 
264 4 |c ©2000 
300 |a 1 online resource (x, 354 pages) 
336 |a text  |b txt  |2 rdacontent 
337 |a computer  |b c  |2 rdamedia 
338 |a online resource  |b cr  |2 rdacarrier 
490 1 |a Lecture notes in chemistry,  |x 0342-4901 ;  |v 76 
505 0 0 |t One-particle problems --  |t Quantum electrodynamical effects --  |t Multielectron atoms: methods --  |t Multielectron atoms: results --  |t Symmetry --  |t Molecular calculations --  |t Solid-state theory --  |t Relativistic effects and heavy-element chemistry. 
538 |a Master and use copy. Digital master created according to Benchmark for Faithful Digital Reproductions of Monographs and Serials, Version 1. Digital Library Federation, December 2002.  |u http://purl.oclc.org/DLF/benchrepro0212  |5 MiAaHDL 
583 1 |a digitized  |c 2010  |h HathiTrust Digital Library  |l committed to preserve  |2 pda  |5 MiAaHDL 
520 |a Relativistic effects are of major importance for understanding the properties of heavier atoms and molecules. Volumes I-III of "Relativistic Theory of Atoms and Molecules" are the only available bibliography on related calculations. In Volume III, 3792 new references, covering 1993-1999, are added to the database. The material is characterized by an analysis of the respective papers. The volume gives the user a comprehensive bibliography on relativistic atomic and molecular calculations, including studies on the Dirac equation and realted solid-state work. 
588 |a Description based on print version record. 
500 |a Electronic resource. 
650 0 |a Atomic theory  |v Bibliography. 
650 0 |a Molecular theory  |v Bibliography. 
650 7 |a Atomic theory.  |2 fast  |0 (OCoLC)fst00820636 
650 7 |a Molecular theory.  |2 fast  |0 (OCoLC)fst01024857 
650 7 |a Théorie atomique  |x Bibliographie.  |2 ram 
650 7 |a Théorie moléculaire  |x Bibliographie.  |2 ram 
655 7 |a Electronic books.  |2 local 
655 7 |a Bibliography.  |2 fast  |0 (OCoLC)fst01423717 
710 2 |a SpringerLink (Online service) 
776 1 8 |i Print version:  |a Pyykkö, Pekka, 1941-  |t Relativistic theory of atoms and molecules III.  |d Berlin ; New York : Springer, ©2000  |w (DLC) 2001271687  |w (OCoLC)45735687 
830 0 |a Lecture notes in chemistry ;  |v 76.  |x 0342-4901 
856 4 0 |u http://proxy.library.tamu.edu/login?url=https://link.springer.com/10.1007/978-3-642-51885-0  |z Connect to the full text of this electronic book  |t 0 
994 |a 92  |b TXA 
999 |a MARS 
999 f f |s 3addee45-62f2-37b5-9e09-eab13ac42903  |i f687f823-a678-330f-9a43-643343819a80  |t 0 
952 f f |a Texas A&M University  |b College Station  |c Electronic Resources  |s www_evans  |d Available Online  |t 0  |e QD461 .P99 2000  |h Library of Congress classification 
998 f f |a QD461 .P99 2000  |t 0  |l Available Online